Miasta, w Których Urodzili się Prezydenci Polski - Statystyki

Ogólne statystyki
  • Ten quiz został rozwiązany 57 razy
  • Średni wynik to 5 z 16
Statystyki odpowiedzi
Prezydent Miasto % Poprawnych
III Rzeczpospolita Lech Kaczyński Warszawa
100%
II Rzeczpospolita/Rząd Rzeczypospolitej Polskiej na uchodźstwie August Zaleski Warszawa
100%
III Rzeczpospolita Andrzej Duda Kraków
98%
Polska Rzeczpospolita Ludowa Bolesław Bierut Lublin
55%
Rząd Rzeczypospolitej Polskiej na uchodźstwie Ryszard Kaczorowski Białystok
53%
Rząd Rzeczypospolitej Polskiej na uchodźstwie Stanisław Ostrowski Lwów
47%
II Rzeczpospolita Stanisław Wojciechowski Kalisz
17%
II Rzeczpospolita Władysław Raczkiewicz Kutaisi
13%
III Rzeczpospolita Lech Wałęsa Popowo
13%
III Rzeczpospolita Aleksander Kwaśniewski Białogard
11%
III Rzeczpospolita Bronisław Komorowski Oborniki Śląskie
9%
Rząd Rzeczypospolitej Polskiej na uchodźstwie Edward Raczyński Zakopane
6%
Rząd Rzeczypospolitej Polskiej na uchodźstwie Kazimierz Sabbat Bieliny Kapitulne
4%
III Rzeczpospolita Wojciech Jaruzelski Kurów
4%
II Rzeczpospolita Ignacy Mościcki Mierzanowo
4%
II Rzeczpospolita Gabriel Narutowicz Telsze
4%
Nie znaleziono quizów pasujących do podanych kryteriów
Rozkład punktacji
Procent ludzi z każdym wynikiem
Percentyl według liczby udzielonych odpowiedzi
Twoja historia wyników
Nie rozwiązałeś tego quizu